00198nam a2200061Ia 4500245005500000100004000055008004100095 0aI write what I like : a selection of his writings  a Biko, Steve Johannesburg, 2004 210817s9999 xx 000 0 und d